Численное решение задачи о двухфазной фильтрации в упругом пласте, основанное на консервативной конечно-разностной схеме Мак-Кормака; Проблемы геологии и освоения недр; Т. 1

التفاصيل البيبلوغرافية
Parent link:Проблемы геологии и освоения недр: труды XVII Международного симпозиума имени академика М. А. Усова студентов и молодых ученых, Томск, 1-5 апреля 2013 г./ Национальный исследовательский Томский политехнический университет (ТПУ), Институт природных ресурсов (ИПР) ; Общество инженеров-нефтяников, Студенческий чаптер ; под ред. А. Ю. Дмитриева.— , 2013
Т. 1.— 2013.— [С. 822-823]
المؤلف الرئيسي: Шибанов А. Л.
مؤلف مشترك: Национальный исследовательский Томский политехнический университет (ТПУ) Институт природных ресурсов (ИПР) Кафедра геологии и разработки нефтяных месторождений (ГРНМ)
مؤلفون آخرون: Крамшонков Е. Н. Евгений Николаевич (научный руководитель)
الملخص:Заглавие с экрана
اللغة:الروسية
منشور في: 2013
سلاسل:Современные технологии разработки нефтяных и газовых месторождений
الموضوعات:
الوصول للمادة أونلاين:http://www.lib.tpu.ru/fulltext/c/2013/C11/V1/417.pdf
التنسيق: الكتروني فصل الكتاب
KOHA link:https://koha.lib.tpu.ru/cgi-bin/koha/opac-detail.pl?biblionumber=604922

MARC

LEADER 00000naa2a2200000 4500
001 604922
005 20260217162737.0
035 |a (RuTPU)RU\TPU\conf\2205 
035 |a RU\TPU\conf\2195 
090 |a 604922 
100 |a 20140325d2013 k y0rusy50 ca 
101 0 |a rus 
102 |a RU 
135 |a arnn ---uucaa 
181 0 |a i  
182 0 |a b 
200 1 |a Численное решение задачи о двухфазной фильтрации в упругом пласте, основанное на консервативной конечно-разностной схеме Мак-Кормака  |f А. Л. Шибанов  |g науч. рук. Е. Н. Крамшонков 
203 |a Текст  |c электронный 
225 1 |a Современные технологии разработки нефтяных и газовых месторождений 
300 |a Заглавие с экрана 
320 |a [Библиогр.: с. 823 (3 назв.)] 
337 |a Adobe Reader 
461 1 |0 (RuTPU)RU\TPU\conf\37  |t Проблемы геологии и освоения недр  |o труды XVII Международного симпозиума имени академика М. А. Усова студентов и молодых ученых, Томск, 1-5 апреля 2013 г.  |o в 2 т.  |f Национальный исследовательский Томский политехнический университет (ТПУ), Институт природных ресурсов (ИПР) ; Общество инженеров-нефтяников, Студенческий чаптер ; под ред. А. Ю. Дмитриева  |d 2013 
463 1 |0 (RuTPU)RU\TPU\conf\38  |t Т. 1  |v [С. 822-823]  |d 2013 
610 1 |a труды учёных ТПУ 
610 1 |a электронный ресурс 
610 1 |a численное решение 
610 1 |a двухфазная фильтрация 
610 1 |a упругие пласты 
610 1 |a конечно-разностные схемы 
610 1 |a схема Мак-Кормака 
700 1 |a Шибанов  |b А. Л. 
702 1 |a Крамшонков  |b Е. Н.  |c специалист в области разработки нефтяных месторождений  |c ассистент Томского политехнического университета  |g Евгений Николаевич  |4 727 
712 0 2 |a Национальный исследовательский Томский политехнический университет (ТПУ)  |b Институт природных ресурсов (ИПР)  |b Кафедра геологии и разработки нефтяных месторождений (ГРНМ)  |3 (RuTPU)RU\TPU\col\18657 
801 2 |a RU  |b 63413507  |c 20230314  |g RCR 
856 4 |u http://www.lib.tpu.ru/fulltext/c/2013/C11/V1/417.pdf 
942 |c CF